Ekonomické aspekty hospodárenia v textilnom podniku a zhodnotenie dopadov globalizácie na podnik diplomová práca

Na minha lista:
Detalhes bibliográficos
Autor principal: Hricko, Peter
Autor Corporativo: Podnikovohospodárska fakulta EU so sídlom v Košiciach. Katedra ekonómie
Outros Autores: Andrejovský, Pavol, 1975-
Formato: Livro
Idioma:eslovaco
Publicado em: Košice 2022
Tags: Adicionar Tag
Sem tags, seja o primeiro a adicionar uma tag!

MARC

LEADER 00000nbm a2200000 4500
001 0284851
005 20240827092132.6
041 0 |a slo 
044 |a SK 
245 1 0 |a Ekonomické aspekty hospodárenia v textilnom podniku a zhodnotenie dopadov globalizácie na podnik  |b diplomová práca  |c Peter Hricko ; školiteľ: Pavol Andrejovský 
264 1 |a Košice  |c 2022 
300 |a 81 s. 
100 1 |a Hricko, Peter 
700 1 |a Andrejovský, Pavol, 1975- 
710 2 |a Podnikovohospodárska fakulta EU so sídlom v Košiciach. Katedra ekonómie